| 000 | 00626nam a2200133Ia 4500 | ||
|---|---|---|---|
| 008 | 171212s9999 xx 000 0 und d | ||
| 020 | _a9780833039767 | ||
| 100 | _aWolf, Charles Jr.;Lang, Thomas;Thomas Lang, ;Charles Wolf, ;Jr., | ||
| 245 |
_cWolf, Charles Jr.;Lang, Thomas;Thomas Lang, ;Charles Wolf, ;Jr., _aRussia's Economy _bSigns of Progress and Retreat on the Transitional Road |
||
| 260 |
_bRAND Corporation _c2006 |
||
| 650 | _aPolitical Science | ||
| 650 | _aRussia (Federation) -- Economic conditions -- 1991–; Russia (Federation) -- Economic policy -- 1991– | ||
| 856 | _uwww.jstor.org/stable/10.7249/mg515osd | ||
| 999 |
_c352512 _d352512 |
||